000 00638nam a2200217Ia 4500
003 OSt
005 20220925205727.0
006 a|||||r|||| 00| 0
007 ta
008 220923b |||||||| |||| 00| 0 eng d
037 _cGeneral Book
040 _aRTL
_cRTL
_beng
041 _2eng
_aeng
082 _aU18:M95(D:28), N0
100 _aSingh R.B.
_9257398
245 0 _aEnvironmental Monitoring
_b Application of remote sensing and GIS.
260 _aHong
_bKong Geocarto International
_c1990
300 _a192 p
_ccm.
942 _hU18:M95(D:28), N0
_cGB
_2CC
999 _c553008
_d553008